Double-Letter Best Picture Winners Quiz Stats

 Plays Quiz Updated Feb 27, 2017

Challenge
Share
Tweet
Embed
Score 0/22 Timer 06:00
0 Plays Today
Best Picture Winner % Correct
Moonlight
78.9%
Forrest Gump
71.3%
Platoon
65%
Slumdog Millionaire
63.8%
Patton
62%
Million Dollar Baby
58.1%
One Flew Over the Cuckoo's Nest
56.9%
The King's Speech
56.5%
Annie Hall
56.1%
The Deer Hunter
54.9%
The French Connection
52.3%
Best Picture Winner % Correct
Cimarron
50.6%
All About Eve
49.8%
Driving Miss Daisy
49.3%
How Green Was My Valley
48.5%
Rebecca
47.3%
It Happened One Night
46.3%
All Quiet on the Western Front
46%
All the King's Men
37.7%
The Lost Weekend
36.2%
Gentleman's Agreement
36.1%
A Man for All Seasons
30.9%

You're not logged in!

Compare scores with friends on all Sporcle quizzes.
OR
Log In

You Might Also Like...

Show Comments

Extras

Top Quizzes Today


Score Distribution

Your Account Isn't Verified!

In order to create a playlist on Sporcle, you need to verify the email address you used during registration. Go to your Sporcle Settings to finish the process.

Report this User

Report this user for behavior that violates our Community Guidelines.

Details: